On Photography (Registro nro. 73753)

Detalles MARC
000 -ENCABEZADO
Número de control [NR] 00677nam a2200205Ia 4500
008 - DE LONGITUD FIJA DE DATOS DE ELEMENTOS - INFORMACIÓN GENERAL
Elementos de longitud fija [NR] 130821s1973 xxu gr eng
020 ## - NUMERO INTERNACIONAL NORMALIZADO PARA LIBROS [R]
Número Internacional Normalizado del libro [NR] 0312 42 009 9
040 ## - FUENTE DE CATALOGACION [NR]
Agencia de catalogación original [NR] Co-BoUCM
Idioma de catalogación [NR] spa
041 00 - CODIGO DE IDIOMA [R]
Código de idioma para texto/pista de sonido o título separado [R] Inglés
100 1# - ASIENTO PRINCIPAL--NOMBRE PERSONAL [NR]
Nombre personal [NR] Sontag, Susan
Fechas asociadas con el nombre [NR] 1933-2004
245 13 - MENCION DE TITULO [NR]
Título [NR] On Photography
Mención de responsabilidad, etc. [NR] Susan Sontang
260 ## - PUBLICACION, DISTRIBUCION, ETC. (PIE DE IMPRENTA) [R]
Lugar de publicación, distribución, etc. [R] Nueva York (Estados Unidos)
Nombre del editor, distribuidor, etc. [R] Picador
Fecha de publicación, distribución, etc. [R] 1973
300 ## - DESCRIPCION FISICA [R]
Extensión [R] 208 páginas
586 ## - NOTA DE PREMIOS [R]
Nota de premios [NR] National Book critics' Circle Award for Criticism, 1977.
650 ## - ASIENTO SECUNDARIO DE MATERIA - TERMINO TEMATICO [R]
Término temático o nombre geográfico como elemento de entrada [NR] Ensayos estadounidenses
9 (RLIN) 14562
650 ## - ASIENTO SECUNDARIO DE MATERIA - TERMINO TEMATICO [R]
Término temático o nombre geográfico como elemento de entrada [NR] Fotografía artística
9 (RLIN) 16081
650 ## - ASIENTO SECUNDARIO DE MATERIA - TERMINO TEMATICO [R]
Término temático o nombre geográfico como elemento de entrada [NR] Literatura estadounidense
9 (RLIN) 18653
942 ## - ELEMENTOS DE ENTRADA AGREGADOS (KOHA)
Tipo de ítem principal el descrito en 300a Libro
Tema principal Literatura
Edición 1
Parte restante de la signatura top. S699f
Sistema de clasificación DEWEY
Clasificación 814.54
Existencias
Fecha de último préstamo Total préstamos Total Renewals Signatura topográfica Código de barras Última vez visto Ejemplar Price effective from Tipo de ítem Perdido Sistema de clasificación Dañado No prestable Tipo de ítem específico Suprimido Ubicación habitual Ubicación actual Localización Fecha de creación Forma de adquisición Costo
10/09/2024 4 12 814.54 S699f 100120441 09/12/2025 Ej.2 03/02/2013 Libro   DEWEY     Libro   Claustro Claustro 2do piso 30/09/2011 Compra 51200.00
09/09/2024 6 8 814.54 S699f 100120254 09/12/2025 Ej.1 03/02/2013 Libro   DEWEY     Libro   Claustro Claustro 2do piso 28/02/2013 Compra 51200.00